| 000 | 00891nai a2200217Ia 4500 | ||
|---|---|---|---|
| 003 | IN-BaIIA | ||
| 008 | 211028c9999 xx s 000 0 eng d | ||
| 022 | _a0097-2452 (Print) | ||
| 022 | _a2379-674X (Online) | ||
| 040 | _cIIA Library | ||
| 245 | 0 |
_aTransactions of the American Institute of Electrical Engineers, Part I: Communication and Electronics _h[eJournal] |
|
| 260 |
_aNew York, USA _bThe Institute of Electrical and Electronics Engineers, Inc. (IEEE) |
||
| 310 | _a5/year | ||
| 362 | _a71(1); 1952 - 82(5); 1963 | ||
| 521 | _bSubscribed through National Knowledge Resource Consortium (NKRC) | ||
| 650 | _a Components, Circuits, Devices and Systems | ||
| 650 | _a Fields, Waves and Electromagnetics | ||
| 650 | _aPower, Energy and Industry Applications | ||
| 856 |
_uhttps://ieeexplore.ieee.org/servlet/opac?punumber=6367273 _yClick Here to Access eJournal |
||
| 942 | _cEJ | ||
| 999 |
_c35812 _d35812 |
||